000 00463nam a2200157Ia 4500
008 210210b2015 xxu||||| |||| 00| 0 eng d
041 _aeng
082 _a891.468 VITG
100 _aVITTI BENGLUR Pseud Viktar Disilva
245 _aGabit
_bKonkni samudayachya lokalem samajik ani samskratik adhyayan
260 _aManglur
_bKarnataka Konkani Sahitya Akademy.
_c2015
300 _aix,63
650 _aGabit
690 _aKonkani Miscellaneous
906 _a069513
999 _c119093
_d119093